Du Cote' De Chez Swann Lingua francese

保存先:
書誌詳細
第一著者: Marcel Proust
フォーマット: 図書
言語:言語不明
出版事項: Folio Plus
タグ: タグ追加
タグなし, このレコードへの初めてのタグを付けませんか!

MARC

LEADER 00000nam a2200000Ia 4500
001 R-824
003 CODICE-MESSINA
005 20260212102458.0
008 260211s9999 xx 000 0 und d
040 |c importazione_messina 
100 |a Marcel Proust 
245 0 |a Du Cote' De Chez Swann 
245 0 |b Lingua francese 
260 |b Folio Plus 
942 |2 ddc  |c BK 
952 |0 0  |1 0  |2 ddc  |4 0  |6 SCAFFALE_7_000000000000000__ROMANZI  |7 0  |9 31651  |a ME  |b ME  |d 2026-02-11  |l 0  |o SCAFFALE 7 - ROMANZI  |p R-824  |r 2026-02-11 23:52:41  |w 2026-02-11  |x [REVISIONARE]  |y BK 
999 |c 27316  |d 27316